| 000 | 01079nam0a2200337 4500 | ||
|---|---|---|---|
| 001 | RU\NLR\BIBL_A\022527779 | ||
| 005 | 20250709164052.0 | ||
| 010 |
_a978-5-17-167685-8 _94000 |
||
| 021 |
_aRU _bКН-П-25-012212 _9КН-П-25-1226 |
||
| 035 | _a(NLR Aleph) 022527779 | ||
| 090 |
_a13450479 _c13450479 |
||
| 100 | _a20250422d2025 u y0rusy50 ca | ||
| 101 | 1 |
_arus _ceng |
|
| 102 | _aRU | ||
| 105 | _ay z 000ay | ||
| 181 | 0 |
_ai _baxxe |
|
| 182 | 0 | _an | |
| 200 | 1 |
_aКогда сбываются мечты _e[роман] _fХанна Грейс _gпер. с англ. Е. Ковалевой |
|
| 203 |
_aТекст _bвизуальный _cнепосредственный |
||
| 210 |
_aМосква _cАСТ _d2025 |
||
| 215 |
_a539, [2 ] с. _d21 |
||
| 225 | 1 | _aLove & hockey | |
| 333 | _a18+ | ||
| 686 | 1 | _aШ6(4Вл)67-440.4{Лх1299-50} | |
| 700 | 1 |
_aГрейс _bХ. _gХанна _3RU\NLR\AUTH\770266062 |
|
| 942 | _cBOOK | ||
| 980 | _aNB | ||
| 980 | _aNB | ||